000 01326nam a2200265Ia 4500
999 _c36400
_d36400
001 2314
003 GE_BSU
005 20190529162306.0
008 181216s2009||||ge |||||||||||||| ||geo||
020 _a9789941409196
040 _cGE_BSU
041 _ageo
080 _a631.1(035) მ–92
100 _aმურვანიძე, ა.
_91804
245 _c ავტ.: ა. მურვანიძე, ო. შაინიძე, დ. ჯაში ; რედ. ი. ძირკვაძე.
_aმარცვლოვანი კულტურების წარმოების ტექნოლოგია :
_bსახელმძღვ. ცნობარი ფერმერთათვის /
264 _aბათუმი :
_bშოთა რუსთაველის სახელმწ. უნ-ტის გამ-ბა,
_c2009.
300 _a37 გვ.:
_b სურ. ;
_c20 სმ.
504 _aბიბლიოგრ.: გვ. 37.
653 _aმარცვლეული კულტურები
653 _aცნობარები
700 _aშაინიძე, ო.
_eავტორი
_91798
700 _aჯაში, დ.
_eავტორი
_91805
700 _aძირკვაძე, ი.
_eრედაქტორი
_91806
942 _cBK
_2udc